| 000 | 00563nam a2200193 u 4500 | ||
|---|---|---|---|
| 005 | 20240912063835.0 | ||
| 008 | 101019s2007 ag r 000 0 spa d | ||
| 020 | _a9789871362738 | ||
| 035 | _aUPN01000178238 | ||
| 049 | _aI | ||
| 050 | 4 |
_aPZ75 _bD8.2 |
|
| 100 | 1 |
_aDulfano, Carla _934332 |
|
| 245 | 1 | 0 |
_aBetonetti y otros personajes impresentables / _cCarla Dulfano. |
| 260 |
_aBuenos Aires : _bSiete Vacas, _c2007. |
||
| 300 |
_a53 p. : _bil. |
||
| 650 | 4 |
_aCuentos infantiles argentinos _97466 |
|
| 650 | 4 |
_aCUENTOS HUMORISTICOS _911283 |
|
| 905 | _aInfantil | ||
| 999 |
_c150341 _d150341 |
||